The challenges of fruit suppliers in selected public market of Cavite/ (Record no. 5131)
[ view plain ]
| 000 -LEADER | |
|---|---|
| fixed length control field | 01354nam a2200301 4500 |
| 003 - CONTROL NUMBER IDENTIFIER | |
| control field | OSt |
| 005 - DATE AND TIME OF LATEST TRANSACTION | |
| control field | 20260414025805.0 |
| 008 - FIXED-LENGTH DATA ELEMENTS--GENERAL INFORMATION | |
| fixed length control field | 260407b |||||||| |||| 00| 0 eng d |
| 040 ## - CATALOGING SOURCE | |
| Language of cataloging | English. |
| Transcribing agency | CvSU-CCAT Campus Library. |
| Description conventions | rda. |
| 050 ## - LIBRARY OF CONGRESS CALL NUMBER | |
| Classification number | UM HD 9000.5 |
| Item number | C36 2023 |
| 100 ## - MAIN ENTRY--PERSONAL NAME | |
| Personal name | Camia, Livnie Dhey E., author. |
| 9 (RLIN) | 20255 |
| 245 ## - TITLE STATEMENT | |
| Title | The challenges of fruit suppliers in selected public market of Cavite/ |
| Statement of responsibility, etc. | Livnie Dhey E. Camia, Olive Grace M. Herrera, Teddy Boy S. Solis |
| 260 ## - PUBLICATION, DISTRIBUTION, ETC. | |
| Place of publication, distribution, etc. | Rosario, Cavite : |
| Name of publisher, distributor, etc. | Cavite State University-CCAT Campus, |
| Date of publication, distribution, etc. | 2023 |
| 300 ## - PHYSICAL DESCRIPTION | |
| Extent | xii, 89 leaves : |
| Other physical details | illustrations ; |
| Dimensions | 28 cm |
| 500 ## - GENERAL NOTE | |
| General note | Undergraduate Thesis (BSBA) -- Cavite State University-CCAT Campus, 2023. |
| 504 ## - BIBLIOGRAPHY, ETC. NOTE | |
| Bibliography, etc. note | Includes bibliographical references and appendices. |
| 546 ## - LANGUAGE NOTE | |
| Language note | In English text |
| 650 ## - SUBJECT ADDED ENTRY--TOPICAL TERM | |
| Topical term or geographic name entry element | Fruit trade -- Philippines |
| 9 (RLIN) | 20256 |
| 650 ## - SUBJECT ADDED ENTRY--TOPICAL TERM | |
| Topical term or geographic name entry element | Agricultural marketing -- Philippines |
| 9 (RLIN) | 20257 |
| 650 ## - SUBJECT ADDED ENTRY--TOPICAL TERM | |
| Topical term or geographic name entry element | Product trade -- Transportation -- Cavite, Philippines |
| 9 (RLIN) | 20258 |
| 650 ## - SUBJECT ADDED ENTRY--TOPICAL TERM | |
| Topical term or geographic name entry element | Commerce -- Cavite, Philippines |
| 9 (RLIN) | 18868 |
| 700 ## - ADDED ENTRY--PERSONAL NAME | |
| Personal name | Herrera, Olive Grace M., author. |
| 9 (RLIN) | 20259 |
| 700 ## - ADDED ENTRY--PERSONAL NAME | |
| Personal name | Solis, Teddy Boy S., author. |
| 9 (RLIN) | 20260 |
| 700 ## - ADDED ENTRY--PERSONAL NAME | |
| Personal name | Ambas, Arman M., adviser. |
| 9 (RLIN) | 6624 |
| 700 ## - ADDED ENTRY--PERSONAL NAME | |
| Personal name | Perez, Richard P., technical critic. |
| 9 (RLIN) | 6693 |
| 942 ## - ADDED ENTRY ELEMENTS (KOHA) | |
| Source of classification or shelving scheme | Library of Congress Classification |
| Koha item type | Thesis/Manuscripts/Dissertations |
| Classification part | HD 9000.5 C36 2023 |
| Call number prefix | UM |
| Withdrawn status | Lost status | Source of classification or shelving scheme | Damaged status | Not for loan | Collection code | Home library | Current library | Shelving location | Date acquired | Coded location qualifier | Total Checkouts | Full call number | Barcode | Date last seen | Copy number | Price effective from | Koha item type |
|---|---|---|---|---|---|---|---|---|---|---|---|---|---|---|---|---|---|
| Library of Congress Classification | Thesis/Manuscript/Dissertation | Cavite State University - CCAT Campus | Cavite State University - CCAT Campus | TH | 01/20/2026 | UM | UM HD 9000.5 C36 2023 | T0005610 | 04/07/2026 | 1 | 04/07/2026 | Thesis/Manuscripts/Dissertations |
